Alexanco ; pinturas 1985 (Record no. 11169)

MARC details
000 - LÍDER
campo de control de longitud fija 01206nam a2200241Ia 4500
008 - ELEMENTOS DE DATOS DE LONGITUD FIJA - INFORMACIÓN GENERAL
campo de control de longitud fija 0000001985 sp ad 0000000000spa00
020 ## - INTERNATIONAL STANDARD BOOK NUMBER
International Standard Book Number 8486089174
090 ## - NÚMERO DE LLAMADA DE TIPO LC LOCALMENTE ASIGNADO (OCLC)
Número de clasificación (OCLC) (R) PSP00 G17a1
100 1# - ENTRADA PRINCIPAL - NOMBRE PERSONAL
Nombre de la persona García, Aurora
245 10 - TÍTULO DECLARACIÓN
Título Alexanco ; pinturas 1985
Declaración de responsabilidad / textos de Aurora García y Javier Segui de la Riva ; traducción Frank Boss ; fotografías Antonio Zafra, Jose Luis Alexanco, Nieves González
260 ## - PUBLICACIÓN, DISTRIBUCIÓN
Lugar de publicación Madrid : Galería Fernando Vijande
Fecha de publicación 1985
300 ## - DESCRIPCIÓN FÍSICA
Alcance 97 p.
Dimensiones / 30 cm.
500 ## - NOTA GENERAL
Nota general Texto bilingue : español inglés \ Registro auspiciado por la FGAA. Bogotá
501 ## - Con nota
Con nota AleXanco : trabajando en Navalagamella (Madrid) = AleXanco working in Navalagamella (Madrid) / Nieves González Notas sobre el último trabajo de AleXanco = Some notes on AleXanco's latest work / Jesús Segui de la Riva
600 00 - ENTRADA DE SUJETO AÑADIDO - NOMBRE PERSONAL
Nombre de la persona ALEXANCO, JOSE LUIS, 1942/
Subdivisión general TRABAJOS PICTORICOS
650 14 - ENTRADA DE SUJETO AÑADIDO - TÉRMINO TÓPICO
Término tópico o elemento de entrada del nombre geográfico ARTE CONTEMPORANEO ESPAÑOL
650 14 - ENTRADA DE SUJETO AÑADIDO - TÉRMINO TÓPICO
Término tópico o elemento de entrada del nombre geográfico ARTISTAS PLASTICOS ESPAÑOLES
650 14 - ENTRADA DE SUJETO AÑADIDO - TÉRMINO TÓPICO
Subdivisión general CATALOGOS
650 14 - ENTRADA DE SUJETO AÑADIDO - TÉRMINO TÓPICO
Término tópico o elemento de entrada del nombre geográfico PINTORES ESPAÑOLES
650 14 - ENTRADA DE SUJETO AÑADIDO - TÉRMINO TÓPICO
Término tópico o elemento de entrada del nombre geográfico PINTURA ACRILICA (ARTE)
650 14 - ENTRADA DE SUJETO AÑADIDO - TÉRMINO TÓPICO
Término tópico o elemento de entrada del nombre geográfico PINTURA ESPAÑOLA
700 1# - ENTRADA AGREGADA - NOMBRE PERSONAL
Nombre de la persona Segui de la Riva, Javier \ Boss, Frank \ Zafra, Antonio \ González, Nieves
Holdings
Estado de retirada Pérdida de estatus Estado dañado No para préstamo Código de recogida Ubicación permanente Ubicación actual Ubicación de las estanterías Fecha de adquisición Número de llamada completo Código de barras Fecha de la última vez que se vio Número de copia Precio efectivo desde Tipo de artículo Koha
        General ArtNexus ArtNexus General 06/09/2022 P-SP-00 G17A1 11273 06/09/2022 Ej.1 06/09/2022 Libro

Powered by Koha